| 000 | 00359nam a22001217a 4500 | ||
|---|---|---|---|
| 082 |
_a005.13 _bGHE _cL-10, P-75 |
||
| 245 |
_aProgramming Language Concepts _cGheezzi, Carlo |
||
| 260 |
_aNew York _bJohn Wiley & Sons, Inc. _c1982 |
||
| 300 |
_axvi, 327. p : _bill, ; _c22 cm. |
||
| 526 |
_a0 _b0 _c0 _d005_130000000000000_GHE |
||
| 650 |
_aMCE _9379 |
||
| 942 |
_2ddc _cBK |
||
| 999 |
_c541637 _d541637 |
||